From camel to truck : the Bedouin in the modern world
Αποθηκεύτηκε σε:
| Κύριος συγγραφέας: | |
|---|---|
| Μορφή: | Βιβλίο |
| Γλώσσα: | English |
| Δημοσίευση: |
Cambridge, UK :
The White Horse Press,
2013.
|
| Έκδοση: | 2η αναθ. έκδ. |
| Θέματα: | |
| Ετικέτες: |
Προσθήκη ετικέτας
Δεν υπάρχουν, Καταχωρήστε ετικέτα πρώτοι!
|
MARC
| LEADER | 00000cam a2200000 a 4500 | ||
|---|---|---|---|
| 001 | 1/114403 | ||
| 008 | 170704s2013####nyu| ||| |||| ||eng|| | ||
| 020 | |a 9781874267720 | ||
| 040 | |a GR-MyUa |b gre |c GR-MyUa |e AACR2 | ||
| 041 | 0 | |a eng | |
| 082 | 7 | |a 909.0974927 |2 (23) | |
| 100 | 1 | |a Chatty, Dawn. | |
| 245 | 1 | 0 | |a From camel to truck : |b the Bedouin in the modern world / |c Dawn Chatty. |
| 250 | |a 2η αναθ. έκδ. | ||
| 260 | |a Cambridge, UK : |b The White Horse Press, |c 2013. | ||
| 300 | |a xiii, 176 σ. ; |c 23 εκ. | ||
| 504 | |a Περιλαμβάνει βιβλιογραφία και ευρετήριο. | ||
| 650 | 0 | |a Bedouins. | |
| 651 | 0 | |a Arab countries |x Social life and customs. | |
| 852 | |a INST |b LESVOS |e 20170704 |h 909.0974927 CHA |p 005100059662 |q 005100059662 |t BK |y 4 |x 20190926 | ||
| 970 | |a Τζαφέρη |b Ευαγγελία |z 04-07-2017 | ||